000 01268cac a22003255a 4500
999 _c8201
_d8201
003 EG-ScBUE
005 20191215132607.0
008 180829s1997 enk f d 000 0 eng d
020 _a0192800086 (pbk. : alk. paper)
020 _a9780192800084
040 _aEG-ScBUE
_beng
_erda
_cEG-ScBUE
_dEG-ScBUE
082 0 4 _a410.3
_bMAT
_222
100 1 _aMatthews, P. H.‏
_q(Peter Hugoe)
_eauthor.
_937333
245 1 4 _aThe concise Oxford dictionary of linguistics /
_cP. H. Matthews.
264 1 _aOxford ;
_aNew York :
_bOxford University Press,
_c1997.
300 _ax, 410 pages, 5 unnumbered pages ;
_c20 cm.
336 _2rdacontent
_atext
_btxt
337 _2rdamedia
_aunmediated
_bn
338 _2rdacarrier
_avolume
_bnc
490 0 _aOxford paperback reference
590 _aEman kamel
600 7 _2BUEsh
650 7 _aLinguistics
_xDictionaries.
_2BUEsh
653 _bHHUUEENN
_cDecember2019
655 _vReading book
856 4 2 _3Publisher description
_uhttp://www.loc.gov/catdir/enhancements/fy0605/97012848-d.html
856 4 2 _uhttp://www.oxfordreference.com/views/BOOK_SEARCH.html?book=t36
856 4 2 _3Contributor biographical information
_uhttp://www.loc.gov/catdir/enhancements/fy0726/97012848-b.html
942 _cREFERENCE
_k410.3MAT
_2ddc